| 000 | 01139nam a2200265Ia 4500 | ||
|---|---|---|---|
| 999 |
_c52615 _d52615 |
||
| 001 | 19639 | ||
| 003 | GE_BSU | ||
| 005 | 20200311204738.0 | ||
| 008 | 181216s1992||||ge |||||||||||||| ||geo|| | ||
| 040 | _cGE_BSU | ||
| 041 | _ageo | ||
| 080 | _a811.353.1 ფ-38 | ||
| 100 |
_aფეიქრიშვილი, ჟუჟუნა _94824 |
||
| 245 |
_aქართველოლოგიის საკითხები / _cჟუჟუნა ფეიქრიშვილი ; რედ. ელგუჯა თავბერიძე. |
||
| 264 |
_aქუთაისი : _bსარანგი, _c1992. |
||
| 300 |
_a160 გვ. ; _c 20 სმ. |
||
| 504 | _aბიბლიოგრ. გვ. 155 | ||
| 653 | _aქართველოლოგიის საკითხები | ||
| 653 | _aქართული ენა | ||
| 653 | _aქართული კულტურა | ||
| 653 | _aქართველოლოგია | ||
| 653 | _aქართველური ენები | ||
| 700 |
_a თავბერიძე, ელგუჯა _eრედაქტორი _97709 |
||
| 942 |
_cBK _2udc |
||